<?xml version="1.0" encoding="UTF-8"?>
<collection xmlns="http://www.loc.gov/MARC21/slim">
<record>
  <controlfield tag="001">144168</controlfield>
  <controlfield tag="005">20240827160805.0</controlfield>
  <datafield tag="037" ind1=" " ind2=" ">
    <subfield code="a">GDOC-2022-66351</subfield>
  </datafield>
  <datafield tag="970" ind1=" " ind2=" ">
    <subfield code="a">GDOC-2022-66351</subfield>
  </datafield>
  <datafield tag="041" ind1=" " ind2=" ">
    <subfield code="a">spa</subfield>
  </datafield>
  <datafield tag="041" ind1=" " ind2=" ">
    <subfield code="a">eng</subfield>
  </datafield>
  <datafield tag="540" ind1=" " ind2=" ">
    <subfield code="a">by-nc-sa</subfield>
    <subfield code="b">Creative Commons</subfield>
    <subfield code="c">3.0</subfield>
    <subfield code="u">http://creativecommons.org/licenses/by-nc-sa/3.0/</subfield>
  </datafield>
  <datafield tag="260" ind1=" " ind2=" ">
    <subfield code="a">Zaragoza</subfield>
    <subfield code="b">Universidad de Zaragoza</subfield>
    <subfield code="c">2022-2023</subfield>
  </datafield>
  <datafield tag="245" ind1="0" ind2="0">
    <subfield code="9">66351</subfield>
    <subfield code="a">Trabajo fin de Máster (sin especialidad)</subfield>
  </datafield>
  <datafield tag="242" ind1="0" ind2="0">
    <subfield code="9">66351</subfield>
    <subfield code="a">Master's Dissertation</subfield>
  </datafield>
  <datafield tag="100" ind1=" " ind2=" ">
    <subfield code="0">(orcid)0000-0002-1704-1584</subfield>
    <subfield code="a">Ángel Antonio Bayod, Rújula</subfield>
    <subfield code="1">143724</subfield>
  </datafield>
  <datafield tag="700" ind1=" " ind2=" ">
    <subfield code="0">(orcid)0000-0002-1490-6423</subfield>
    <subfield code="a">Rodolfo Dufo, López</subfield>
    <subfield code="1">312293</subfield>
  </datafield>
  <datafield tag="700" ind1=" " ind2=" ">
    <subfield code="0">(orcid)0000-0002-7836-5777</subfield>
    <subfield code="a">Antonio Monzón, Bescós</subfield>
    <subfield code="1">387531</subfield>
  </datafield>
  <datafield tag="700" ind1=" " ind2=" ">
    <subfield code="0">(orcid)0000-0002-2363-2735</subfield>
    <subfield code="a">Eva Romeo, Salazar</subfield>
    <subfield code="1">326940</subfield>
  </datafield>
  <datafield tag="700" ind1=" " ind2=" ">
    <subfield code="0">(orcid)0000-0002-5161-7209</subfield>
    <subfield code="a">Luis María Serra, de Renobales</subfield>
    <subfield code="1">367200</subfield>
  </datafield>
  <datafield tag="700" ind1=" " ind2=" ">
    <subfield code="0">(orcid)0000-0003-3330-1793</subfield>
    <subfield code="a">Alicia Valero, Delgado</subfield>
    <subfield code="1">433652</subfield>
  </datafield>
  <datafield tag="700" ind1=" " ind2=" ">
    <subfield code="0">(orcid)0000-0003-3174-9703</subfield>
    <subfield code="a">José María Yusta, Loyo</subfield>
    <subfield code="1">302209</subfield>
  </datafield>
  <datafield tag="830" ind1=" " ind2=" ">
    <subfield code="9">535</subfield>
  </datafield>
  <datafield tag="856" ind1="4" ind2=" ">
    <subfield code="s">14111</subfield>
    <subfield code="u">http://zaguan.unizar.es/record/144168/files/guia-66351-es.pdf</subfield>
    <subfield code="y">Guía (idioma español)</subfield>
  </datafield>
  <datafield tag="856" ind1="4" ind2=" ">
    <subfield code="s">7406</subfield>
    <subfield code="u">http://zaguan.unizar.es/record/144168/files/guia-66351-en.pdf</subfield>
    <subfield code="y">Guide (english)</subfield>
  </datafield>
  <datafield tag="521" ind1=" " ind2=" ">
    <subfield code="9">652</subfield>
    <subfield code="a">Máster Universitario en Energías Renovables y Eficiencia Energética</subfield>
    <subfield code="b">Master's in Renewable Energies and Energy Efficiency</subfield>
  </datafield>
  <datafield tag="980" ind1=" " ind2=" ">
    <subfield code="a">GDOC</subfield>
    <subfield code="b">Engineering and Architecture</subfield>
    <subfield code="b">Ingeniería y Arquitectura</subfield>
    <subfield code="c">110</subfield>
  </datafield>
</record>
</collection>